| Поле | Инд. | ПП | Название | Значение |
|---|---|---|---|---|
| Тип записи | a | |||
| Библиографический уровень | b | |||
| 001 | Контрольный номер | RU/IS/BASE/290081022 | ||
| 005 | Дата корректировки | 20200601191528.7 | ||
| 008 | Кодируемые данные | 20090311 | ||
| 040 | b | Код языка каталог. | rus | |
| e | Правила каталог. | PSBO | ||
| 041 | 0_ | a | Код языка текста | rus |
| 084 | a | Индекс другой классификации/Индекс ББК | 83.3(7США)6 | |
| 100 | 1_ | a | Автор | Бекузарова Ю. Н. |
| 245 | 11 | a | Заглавие | "Потерянный Нью-Йорк", или Феномен утопического сознания в романе Пола Остера "Стеклянный город" |
| 504 | a | Библиография | Библиогр. - Примеч.: с. 117 | |
| 600 | 14 | a | Персоналии | Остер Пол |
| 650 | 04 | a | Основная рубрика | история литературы |
| a | Основная рубрика | литературоведение | ||
| a | Основная рубрика | филологические науки | ||
| 653 | 0_ | a | Ключевые слова | "Стеклянный город" |
| a | Ключевые слова | XX век | ||
| a | Ключевые слова | Нью-Йорк | ||
| a | Ключевые слова | образ города | ||
| a | Ключевые слова | проза | ||
| a | Ключевые слова | романы | ||
| a | Ключевые слова | США | ||
| a | Ключевые слова | утопическое сознание | ||
| a | Ключевые слова | утопия | ||
| a | Ключевые слова | философия литературы | ||
| 773 | 08 | t | Заглавие источника | Вестник Московского университета. Серия 9, Филология |
| d | Дата издания источника | 2008 | ||
| g | Прочая информация | № 5. - С. 112 - 117 | ||
| w | Контрольный № источника | RU/IS/BASE/288361571 | ||
| 901 | t | Тип документа | b |